000 01966cam a22004694i 4500
003 PE-LiUPU
005 20250731173342.0
008 150706s r 000 0 d
020 _a9789505123834
035 _a(Sirsi) i9789505123834
040 _aPE-LiUPU
_bspa
_cPE-LiUPU
_erda
049 _aPRUA
082 0 4 _a226.5
_bL82
_221
100 1 _aLona, Horacio,
_eautor.
245 1 3 _aEl Evangelio de Juan /
_cHoracio Lona.
264 1 _aBuenos Aires :
_bClaretiana,
_c2007.
300 _a144 páginas :
_bilustraciones ;
_c17 centímetros
336 _atext
_2rdacontent
337 _aunmediated
_2rdamedia
338 _avolume
_2rdacarrier
504 _aIncluye bibliografía.
505 0 _aEl relato -- Estructural general -- Los contenidos y el esquema espacio-temporal -- El evangelio de Juan y los evangelios sinópticos -- Los problemas de la "Crítica literaria" -- Las formas literarias y sus fuentes -- El lenguaje -- El ambiente -- El trasfondo histórico -- El problema del autor y el tiempo de origen. Las enseñanzas -- La cristología -- La realidad e la salvación -- La eclesiología -- Los sacramentos -- La pneonatología -- La escatología.
526 _aSEG42
526 _aSEG41
526 _aSEG40
526 _aSEG39
526 _aP94
526 _aP87
526 _aP86
526 _aP85
526 _aP77
526 _aP76
526 _aP35
541 _g007-0020319;
630 _aBiblia.
_pN.T.
_pJuan
_xComentarios.
910 _bjv
_cng
_d20090911
942 _2ddc
_cBOOK
949 _a226.5 L82
_wDEWEY
_c1
_i60331
_lCCODEBUL1
_mBUL
_p11.00
_r0
_sY
_tBOOK
_u2015-7-6
_xTEOLOGIA
_zUNKNOWN
_0COMPRA
_o.STAFF. Colección General
994 _aC0
_bPEPRU
596 _a1
999 _a226.5 L82
_wDEWEY
_c49794
_i60331
_d49794
_f2021-11-9
_g5
_lCCODEBUL1
_mBUL
_p11.00
_q2
_r0
_sY
_tBOOK
_u2015-7-6
_xTEOLOGIA
_zUNKNOWN
_0COMPRA
_o.STAFF. Colección General
980 _81
_gALBERTO SANCHEZ Responsable de Automatización